MARC details
| 000 -CABECERA |
| campo de control de longitud fija |
01611nam a2200277 a 4500 |
| 001 - NÚMERO DE CONTROL |
| campo de control |
000007831 |
| 005 - FECHA Y HORA DE LA ÚLTIMA TRANSACCIÓN |
| campo de control |
20260209112057.0 |
| 008 - DATOS DE LONGITUD FIJA--INFORMACIÓN GENERAL |
| campo de control de longitud fija |
090911s2009 dr 000 0 spa d |
| 020 ## - NÚMERO INTERNACIONAL ESTÁNDAR DEL LIBRO |
| Número Internacional Estándar del Libro |
9789945427776 |
| 040 ## - FUENTE DE LA CATALOGACIÓN |
| Centro catalogador/agencia de origen |
DO-SdBNP |
| Lengua de catalogación |
spa |
| Centro/agencia transcriptor |
BNPHU |
| 082 ## - NÚMERO DE LA CLASIFICACIÓN DECIMAL DEWEY |
| Número de clasificación |
346.077 |
| Número de documento/Ítem |
J94d |
| 100 1# - ENTRADA PRINCIPAL--NOMBRE DE PERSONA |
| Nombre de persona |
Julián, José Francisco, |
| Fechas asociadas al nombre |
1949- |
| 9 (RLIN) |
21527 |
| 245 10 - MENCIÓN DE TÍTULO |
| Título |
Derechos, defensas y obligaciones del deudor / |
| Mención de responsabilidad, etc. |
José Fco. Julián. |
| 260 ## - PUBLICACIÓN, DISTRIBUCIÓN, ETC. |
| Lugar de publicación, distribución, etc. |
Santo Domingo : |
| Nombre del editor, distribuidor, etc. |
Búho, |
| Fecha de publicación, distribución, etc. |
2009. |
| 300 ## - DESCRIPCIÓN FÍSICA |
| Extensión |
439 p. ; |
| Dimensiones |
23 cm. |
| 500 ## - NOTA GENERAL |
| Nota general |
Incluye datos biográficos del autor en la solapa de la cubierta. |
| 504 ## - NOTA DE BIBLIOGRAFÍA, ETC. |
| Nota de bibliografía, etc. |
Bibliografía: p. 437-439. |
| 505 0# - NOTA DE CONTENIDO CON FORMATO |
| Información miscelánea |
Introducción -- |
| Título |
Derechos, defensas y obligaciones del deudor -- |
| -- |
Novación -- |
| -- |
Cesión de bienes -- |
| -- |
Nulidad -- |
| -- |
Resoluciones -- |
| -- |
La prescripción -- |
| -- |
La compensación -- |
| -- |
Perención -- |
| -- |
Excepciones del procedimiento -- |
| -- |
Demandas reconvencionales -- |
| -- |
Recurso de impugnación -- |
| -- |
Más vías de la parte demandada para su defensa -- |
| -- |
Civil. Notificación de recurso de apelación -- |
| -- |
Memorial de defensa -- |
| -- |
Demanda de amparo -- |
| -- |
Ley sobre préstamo de menor cuantía -- |
| -- |
Doctrina -- |
| -- |
Sanciones de la falta de pago -- |
| -- |
El cheque -- |
| -- |
Demanda de divorcio -- |
| -- |
Divorcio a vapor -- |
| -- |
Cesión de créditos -- |
| -- |
Obligaciones del cesionario -- |
| -- |
Embargo retentivo -- |
| -- |
Hipotecas -- |
| Información miscelánea |
Bibliografía compendiada. |
| 590 ## - NOTA LOCAL (RLIN) |
| Nota local |
Inventariado, 2018/LP |
| 650 #4 - PUNTO DE ACCESO ADICIONAL DE MATERIA--TÉRMINO DE MATERIA |
| Término de materia o nombre geográfico como elemento de entrada |
Deudor y acreedor |
| 9 (RLIN) |
21558 |
| 650 #4 - PUNTO DE ACCESO ADICIONAL DE MATERIA--TÉRMINO DE MATERIA |
| Término de materia o nombre geográfico como elemento de entrada |
Compromiso (derecho) |
| 9 (RLIN) |
21559 |
| 650 #0 - PUNTO DE ACCESO ADICIONAL DE MATERIA--TÉRMINO DE MATERIA |
| Término de materia o nombre geográfico como elemento de entrada |
Obligaciones (Derecho) |
| 9 (RLIN) |
21560 |
| 650 #4 - PUNTO DE ACCESO ADICIONAL DE MATERIA--TÉRMINO DE MATERIA |
| Término de materia o nombre geográfico como elemento de entrada |
Cumplimiento (derecho) |
| 9 (RLIN) |
21561 |
| 650 #4 - PUNTO DE ACCESO ADICIONAL DE MATERIA--TÉRMINO DE MATERIA |
| Término de materia o nombre geográfico como elemento de entrada |
Novación |
| 9 (RLIN) |
21562 |
| 910 ## - DATOS DE OPCIÓN DEL USUARIO (OCLC) |
| Datos de opción del usuario |
Validado. Control de calidad EMS. |